Can lean thinking apply to the repair and refurbishment of properties in the registered social landlord sector? (Record no. 77613)
[ view plain ]
| 000 -LEADER | |
|---|---|
| fixed length control field | 00957cab a2200193 4500 |
| 001 - CONTROL NUMBER | |
| control field | ##L134667 |
| 008 - FIXED-LENGTH DATA ELEMENTS--GENERAL INFORMATION | |
| fixed length control field | 060824n2006 000 0 eng u |
| 035 ## - SYSTEM CONTROL NUMBER | |
| System control number | (Sirsi) u134667 |
| 041 0# - LANGUAGE CODE | |
| Language code of text/sound track or separate title | eng |
| 100 1# - MAIN ENTRY--PERSONAL NAME | |
| Personal name | Kempton, Jim |
| 245 00 - TITLE STATEMENT | |
| Title | Can lean thinking apply to the repair and refurbishment of properties in the registered social landlord sector? |
| 260 ## - PUBLICATION, DISTRIBUTION, ETC. | |
| Date of publication, distribution, etc. | 2006 |
| 490 #0 - SERIES STATEMENT | |
| Series statement | Structural Survey |
| Volume/sequential designation | 24(3) 2006, 201-211(11) |
| 520 ## - SUMMARY, ETC. | |
| Summary, etc. | This paper investigates the type of maintenance works undertaken to properties in the registered social landlord sector and considers the potential for the application of lean thinking or waste minimisation to the repair and refurbishment of those properties left vacant after a tenant departs. It concludes that properties located on estates built after 1980 are most likely to benefit from lean principles. |
| 590 ## - LOCAL NOTE (RLIN) | |
| Local note | IKA050906 |
| 651 #4 - SUBJECT ADDED ENTRY--GEOGRAPHIC NAME | |
| Geographic name | United Kingdom |
| Chronological subdivision | |
| 690 ## - LOCAL SUBJECT ADDED ENTRY--TOPICAL TERM (OCLC, RLIN) | |
| Topical term or geographic name as entry element | Refurbishment |
| 9 (RLIN) | 6264 |
| 942 ## - ADDED ENTRY ELEMENTS (KOHA) | |
| Suppress in OPAC | 0 |
| Withdrawn status | Lost status | Source of classification or shelving scheme | Damaged status | Not for loan | Home library | Current library | Shelving location | Date acquired | Total Checkouts | Full call number | Barcode | Date last seen | Copy number | Price effective from | Koha item type |
|---|---|---|---|---|---|---|---|---|---|---|---|---|---|---|---|
| Dewey Decimal Classification | London | London | Journal article | 24/08/2006 | L134667 | 134667-1001 | 06/08/2019 | 1 | 06/08/2019 | Journal article |